000 00579nam a22001217a 4500
008 210301b ||||| |||| 00| 0 eng d
020 _a9789993680734
082 _a808.5 HIS
245 _aམི༌དབང༌མངའ༌བདག༌རིན༌པོ༌ཆེའི༌ཞབས༌ལས༌རྒྱལ༌ཡོངས༌སེམས༌ཤུགས༌མ༌དངུལ༌གྱི༌སྐོར༌ལས༌གསུང༌བཤད༌གནང༌བ།
_bHis majesty`s National Address on National Resilience Fund
260 _aThimphu :
300 _a27 p.
_c21 cm.
942 _2ddc
999 _c8623
_d8624